Vodou riediteľné náterové látky na povrchovú úpravu výrobkov z dreva

Bibliographic Details
Main Author: Žlnay, Karol (Author)
Format: Book
Language:Slovak
PhysicalDescription:73 s., 3,23 AH Tb. 20 cm
Published: Bratislava S.l. Alfa Štátny drevár. výsk. ústav Bratislava [vyd.] 1985
Edition:1. vyd.

MARC

LEADER 00000nam a2200000 a 4500
001 vtls001087585
003 SK-MaSNL
005 20260302030849.0
008 250414s1985 xo 0 slo
015 |a SNBA1986/04 
035 |a SNK000030425 
040 |a SNK  |b slo  |c SNK  |e AACR2 
041 0 |a slo 
044 |a xo  |c SK 
080 |a 667.637:674(048.8)  |2 1981 
080 |a 674(048.8)  |2 1981 
080 |a 674  |2 1981 
080 |a 667.637(048.8)  |2 1981 
100 1 |a Žlnay, Karol  |4 aut  |9 450775 
245 1 0 |a Vodou riediteľné náterové látky na povrchovú úpravu výrobkov z dreva  |c Karol Žlnay 
250 |a 1. vyd. 
260 |a Bratislava  |b Alfa  |a S.l.  |b Štátny drevár. výsk. ústav Bratislava [vyd.]  |c 1985  |e Nitra  |f Nitrianske tlačiarne 
300 |a 73 s., 3,23 AH  |b Tb.  |c 20 cm 
366 |e 300 výtl. 
500 |a Lit. 17. Účelová publ. 17 zázn. v slov., češ., nem. a angl. 
852 |a Slovenská národná knižnica 
954 |a látky náterové riediteľné vodou  |a výrobky drevené  |a úpravy povrchové 
958 |a OND 
958 |a NB 
958 |a TL 
999 |c 1049539  |d 1051469 
952 |t P60, <04>, [BOOK], {604}  |a SNK  |b SNK  |y VYP  |7 0  |p 17A0217944  |o snkSC 65556 D1  |0 0  |1 0  |4 0  |d 1999-11-03  |l 0  |r 2004-12-31 00:00:00  |w 2026-02-24 
952 |a SNK  |b SNK  |y PREZ  |7 0  |p 17A0937834  |o snkSC 65556  |0 0  |1 0  |4 0  |d 2012-08-07  |l 0  |r 2026-02-24 14:53:18  |w 2026-02-24